Odolnosť plameňopráškových návarov K 50, 55 a 60 proti abrazívnemu opotrebeniu : Diplomová práca

Na minha lista:
Detalhes bibliográficos
Autor principal: Sudolský, Štefan (Author)
Outros Autores: Adamka, Jozef (xxx)
Formato: Manuscrito Livro
Idioma:eslovaco
Publicado em: Trnava : STU v Bratislave MtF KZaZS, 1994
Assuntos:
Tags: Adicionar Tag
Sem tags, seja o primeiro a adicionar uma tag!

MARC

LEADER 00000ntm a22000003a 4500
001 stu80486
005 20160719154910.0
008 030512s1994----xo------------------slo-d
040 |a STU  |b slo 
041 0 |a slo 
044 |a xo 
100 1 |a Sudolský, Štefan  |4 aut 
245 1 |a Odolnosť plameňopráškových návarov K 50, 55 a 60 proti abrazívnemu opotrebeniu :  |b Diplomová práca 
260 |a Trnava :  |b STU v Bratislave MtF KZaZS,  |c 1994 
300 |a 56 s  |c abstr. 
650 7 |a plameňopráškové návary  |2 stusub 
650 7 |a abrazívne opotrebenie  |2 stusub 
650 7 |a strojárske technológie  |2 stusub 
700 1 |a Adamka, Jozef  |4 xxx  |u M  |T MTF Materiálovotechnologická fakulta  |U M  |Y 60 
996 |b 284M042120  |c M*DP-2120  |l MMSKP  |s P  |a 0  |w stu80486_0001